Statistiques concernant Anagrammes aléatoires - Villes du Royaume-Uni

Cliquez ici pour prendre le quiz!

Statistiques générales

  • Ce quiz a été pris 122 fois
  • Le résultat moyen est 7 sur 15

Statistiques - réponses

Ville% Correct
Aberdeen
100%
Belfast
100%
Birmingham
100%
Cardiff
100%
Coventry
100%
Glasgow
100%
Lincoln
100%
Manchester
100%
Oxford
100%
Perth
100%
York
100%
Plymouth
83%
Bristol
80%
Leicester
75%
Bath
67%
Dundee
67%
Durham
67%
Exeter
67%
Leeds
67%
Poole
67%
Southampton
67%
Édimbourg
60%
Wolverhampton
60%
Chester
50%
Derby
50%
Inverness
50%
Northampton
50%
Nottingham
50%
Sunderland
50%
Swansea
50%
Worcester
50%
Gloucester
40%
Liverpool
40%
Wakefield
40%
Bradford
33%
Derry
33%
Norwich
33%
Portsmouth
33%
Sheffield
33%
Durham
25%
Salisbury
20%
Brighton
0%
Cambridge
0%
Canterbury
0%
Carlisle
0%
Hereford
0%
Londres
0%
Newcastle
0%
Newport
0%
Peterborough
0%
Preston
0%
Salford
0%
Westminster
0%

Distribution des résultats

Percentile par nombre de réponses

% des personnes avec chaque résultat

Votre développement - résultats

Vous n’avez pas pris ce quiz